• 首页
  • 本馆介绍
  • 公告通知
  • 最新文献
  • 馆藏检索
  • 电子资源
  • 读者导购
  • 参考咨询
  • 我的图书馆
  • 登录
  • 详细信息显示
  • 放入我的书架
  • 预约/预借图书
  • 作者相关作品
  • 分类相关作品
  • 丛书相关作品
  • 出版社相关作品

书目信息

  • 表格格式
  • 工作单格式
  • 卡片格式
题名:
青年生理卫生常识
    
 
作者: 王文彬 著
分册:  
出版信息: 北京   中国青年出版社  1981.9
页数: 153页
开本: 19cm
丛书名:
单 册:
中图分类: R161.5
科图分类:
主题词: 个人卫生
电子资源:
ISBN:
000 00534nam0 2200193 45
001 0181013036
005 20060810165832.89
010    @dCNY0.37
091    @a14009.19
100    @a20810111d km y0chiy0120 ea
101 0  @achi
200 1  @a青年生理卫生常识@Aqing nian sheng li wei sheng chang shi@f王文彬等著@FWang Wen Bin Deng Zhu
210    @a北京@c中国青年出版社@d1981.9
215    @a153页@d19cm
606 0  @a个人卫生
690    @aR161.5@v3
701  0 @a王文彬@4著
801    @aCN@bTSTC@c20060810
905    @dR161.5@e35:5@f1@b40622
    
    青年生理卫生常识/王文彬等著.-北京:中国青年出版社,1981.9
    153页;19cm
    
    
    ISBN :CNY0.37
    
●
相关链接 在E读中查询图书 在五车中查询图书 在当当中查询图书 在豆瓣中查询图书


正题名:青年生理卫生常识     索取号:R161.5/35:5         预约/预借

序号 登录号 条形码 馆藏地/架位号 状态 备注
1 0040622   001789871   密集书库/ [索取号:R161.5/35:5] 在馆    
2 0452187   204521874   密集书库/ [索取号:R161.5/35:5] 在馆    
唐山师范学院图书馆 欢迎您!
大连网信软件有限公司© 版权所有